Rosa Fiorentina 22-23 - Statistics

Statistiche generali
  • Questo quiz è stato fatto 40 volte
  • Il punteggio medio è 18 su 25
Statistiche sulle risposte
Numero Risposta % Corretto
1 Pietro Terracciano
100%
9 Arthur Cabral
97%
3 Cristiano Biraghi
97%
2 Dodo
92%
5 Giacomo Bonaventura
92%
7 Luka Jovic
92%
4 Nikola Milenkovic
92%
98 Julio Igor
86%
99 Christian Kouame
84%
28 Lucas Martinez Quarta
81%
10 Gaetano Castrovilli
78%
11 Jonathan Ikonè
76%
22 Nicolas Gonzalez
73%
33 Riccardo Sottil
73%
32 Alfred Duncan
62%
38 Rolando Mandragora
62%
34 Sofyan Amrabat
62%
72 Antonin Barak
59%
23 Lorenzo Venuti
57%
16 Luca Ranieri
57%
8 Riccardo Saponara
54%
15 Aleksa Terzic
51%
56 Salvatore Sirigu
51%
77 Josip Brekalo
49%
42 Alessandro Bianco
35%
Nessun quiz corrispondente trovato
Distribuzione punteggi
Percentuale di utenti per punteggio
Percentile per numero di risposta
I tuoi punteggi nel tempo
Non hai fatto questo quiz